000 01319nam a22002297a 4500
999 _c58842
_d58842
003 Ge_BSU
005 20221006150709.0
008 221006s1984 ge ||||| |||| 00| 0 geo d
041 _ageo
080 _a1(09)"04/14" შ-93
245 _aშუა საუკუნეების ფილოსოფიის ისტორიის პრობლემები.
_bნაწ. 2 /
_c რ. გორდეზიანი , გ. თევზაძე, მ. მაჭავარიანი და სხვ. ; თსუ, ფილოსოფიის ისტორიის კათედრა.
264 _aთბილისი :
_bთბილ. უნ-ტის გამ-ბა,
_c1984.
300 _a314 გვ.;
_b21სმ.
501 _aპირთა საძიებელი: გვ. 309-312.
504 _a ბიბლიოგრაფია: გვ. 306-308.
653 _aარაბული ფილოსოფია.
653 _a შუა საუკუნეების ფილოსოფიის ისტორია
700 _aგორდეზიანი, რ.
_eავტორი
_915114
700 _aთევზაძე, გ.
_eავტორი
_915115
700 _aმაჭავარიანი, მ.
_eავტორი
_97310
942 _2udc
_cBK